Out of our past: the forces that shaped modern America
Na minha lista:
| Autor principal: | |
|---|---|
| Formato: | Livro |
| Idioma: | espanhol |
| Publicado em: |
Nueva York
Harper & Row
1970
|
| Edição: | 2a. ed |
| Assuntos: | |
| Tags: |
Adicionar Tag
Sem tags, seja o primeiro a adicionar uma tag!
|
MARC
| LEADER | 00000nam a2200000 a 4500 | ||
|---|---|---|---|
| 001 | UCQ7158 | ||
| 003 | CL-VaPUC | ||
| 008 | 981031e19700000US |||||||||||||||||spa|d | ||
| 082 | 0 | 4 | |a 973 |b DEG |2 21 |
| 100 | 0 | |a Degler, Carl N |e author |9 420995 | |
| 245 | 1 | 0 | |a Out of our past: the forces that shaped modern America |
| 250 | |a 2a. ed | ||
| 300 | |a 546 p | ||
| 942 | |c BK | ||
| 945 | |d 19981031 00:00:00 |a crobeson | ||
| 260 | |a Nueva York |b Harper & Row |c 1970 | ||
| 650 | 7 | |a HISTORIA ESTADOUNIDENSE |2 CL-VaPUC |9 350346 | |
| 650 | 0 | |a Historia social |9 313638 | |
| 650 | 0 | |a Historia de las ideas |9 420996 | |
| 650 | 0 | |a Discriminación racial |9 257054 | |
| 650 | 0 | |a Conflicto social |9 255404 | |
| 651 | 0 | |a Estados Unidos |9 255178 | |
| 583 | |a last modification |c 19981031 00:00:00 |k Rodrigo Vera | ||
| 999 | |c 276918 |d 276916 | ||
| 952 | |0 0 |1 0 |4 0 |6 973_000000000000000_DEG_1970 |7 0 |8 A |9 314526 |a BIBEDU |b BIBEDU |d 2019-11-20 |i 1487043 |o 973 DEG 1970 |p 1487043 |r 2019-11-20 |w 2019-11-20 |y BK |k LIT | ||